Climate challenge, carbon reduction and the future of the urban form (Record no. 106808)
[ view plain ]
| 000 -LEADER | |
|---|---|
| fixed length control field | 01146cad a22002055a 4500 |
| 001 - CONTROL NUMBER | |
| control field | L137524 |
| 008 - FIXED-LENGTH DATA ELEMENTS--GENERAL INFORMATION | |
| fixed length control field | 070413s2007 xxkbde f 000 0 eng d |
| 035 ## - SYSTEM CONTROL NUMBER | |
| System control number | (Sirsi) u137524 |
| 041 0# - LANGUAGE CODE | |
| Language code of text/sound track or separate title | eng |
| 050 04 - LIBRARY OF CONGRESS CALL NUMBER | |
| Classification number | 333.72 $2 18 |
| 110 2# - MAIN ENTRY--CORPORATE NAME | |
| Corporate name or jurisdiction name as entry element | Brook Lyndhurst |
| 9 (RLIN) | 4663 |
| 245 00 - TITLE STATEMENT | |
| Title | Climate challenge, carbon reduction and the future of the urban form |
| Remainder of title | Scottish version |
| -- | a draft report for RICS |
| Medium | [electronic resource] |
| 260 ## - PUBLICATION, DISTRIBUTION, ETC. | |
| Place of publication, distribution, etc. | London |
| Name of publisher, distributor, etc. | Brook Lyndhurst |
| Date of publication, distribution, etc. | 2007 |
| 520 ## - SUMMARY, ETC. | |
| Summary, etc. | Examines the key challenges for Edinburgh's transport network, Glasgow's energy supply and energy demand in Inverness. By comparing current levels with UK targets to cut carbon emissions by 60% by 2050 shows how these three cities could look in the future. States that the findings reinforce the need for urgent action at national and local level to find different transition pathways to low carbon cities. |
| 590 ## - LOCAL NOTE (RLIN) | |
| Local note | KA |
| 651 #4 - SUBJECT ADDED ENTRY--GEOGRAPHIC NAME | |
| Geographic name | Scotland |
| Chronological subdivision | 1999- |
| 690 ## - LOCAL SUBJECT ADDED ENTRY--TOPICAL TERM (OCLC, RLIN) | |
| Topical term or geographic name as entry element | ENVIRONMENTAL AND LAND CONSULTANCY-ENVIRONMENTAL MANAGEMENT |
| 856 40 - ELECTRONIC LOCATION AND ACCESS | |
| Uniform Resource Identifier | <a href="https://www.rics.org/RICSWEB/getpage.aspx?p=U78kXpjrxE6g1y_iKQYPJg">https://www.rics.org/RICSWEB/getpage.aspx?p=U78kXpjrxE6g1y_iKQYPJg</a> |
| Public note | View the item free of charge at www.rics.org... |
| 942 ## - ADDED ENTRY ELEMENTS (KOHA) | |
| Suppress in OPAC | 0 |
| Withdrawn status | Lost status | Source of classification or shelving scheme | Damaged status | Not for loan | Home library | Current library | Shelving location | Date acquired | Total Checkouts | Full call number | Barcode | Date last seen | Copy number | Price effective from | Koha item type |
|---|---|---|---|---|---|---|---|---|---|---|---|---|---|---|---|
| Dewey Decimal Classification | Virtual | Virtual | Online | 13/04/2007 | ONLINE PUBLICATION | 137524-1001 | 06/08/2019 | 1 | 06/08/2019 | Book |